Canti degli indiani d'America /

Gardado en:
Detalles Bibliográficos
Outros autores: Zavatti, Silvio (Editor)
Formato: Libro
Idioma:Lingua italiana
Publicado: Roma : Tascabili economici Newton, 1992
Series:Centopaginemillelire ; 29
Subjects:
Tags: Engadir etiqueta
Sen Etiquetas, Sexa o primeiro en etiquetar este rexistro!

MARC

LEADER 00000nam a22000007i 4500
001 IT\ICCU\CFI\0216004
003 ItRI
005 20260115231933.0
008 930406s1992 it |||||| ||||| |||||c
020 |a 8879830732 
040 |b ita  |c importazione bologna sebina 
041 7 |a ita  |2 ISO-639-2 
082 |a 398.20497  |9 LETTERATURA POPOLARE. INDIANI DELL'AMERICA SETTENTRIONALE  |2 20 
130 0 |a Canti degli indiani d'America.  |3 IT\ICCU\FOG\0490433 
245 0 0 |a Canti degli indiani d'America /  |c a cura di Silvio Zavatti. 
260 |a Roma :  |b Tascabili economici Newton,  |c 1992 
300 |a 89 p. :  |b ill. ;  |c 20 cm 
500 |a In cop.: Il volto più autentico e profondo della cultura pellerossa. 
650 7 |a Canti popolari degli Indiani d'America  |2 scbi 
650 7 |a Canti popolari  |x Indiani d'America  |2 scbi 
700 1 |a Zavatti, Silvio  |0 IT\ICCU\RAVV\009004  |4 edt 
830 0 |a Centopaginemillelire ;  |v 29  |0 IT\ICCU\RAV\0196182 
942 |2 ddc  |c BK  |n 0 
952 |0 0  |1 0  |4 0  |6 DOC_398_204000000000000_ZAV  |7 0  |9 17173  |a BO  |b BO  |d 2026-01-15  |i 10293  |l 0  |o DOC 398.204 ZAV  |p BO10293  |r 2026-01-15 23:19:33  |w 2026-01-15  |x [Sebina 5] [1 v.]  |y BK  |z 1 v. 
999 |c 14663  |d 14663